00773nam a2200181Ia 4500008004100000020001500041041001200056082001600068100001500084245004800099260002500147300000800172650000800180942000700188999001500195952018100210952020000391221030s9999 xx 000 0 und d a0074621467 aEnglish a105.23bHay aW. H. Hayt 0aEngineering Electromagneticscby W. H. Hayt bTMHaNew Delhic1997 a472 aEMT cBK c1146d1146 pBE 111g175.00l1o105.23 Hayr2024-06-13 00:00:00s2023-02-21w2022-10-30yBK003Print4070aMIETLIBbMIETLIBcBL-Academic Block C, FL-2, CUP-8, SH-2, R-2d1998-12-1710HBE pBE 10914g175.00l1o105.23 eGiftedq2023-04-24r2023-04-12 00:00:00s2023-04-12w2022-10-30yBK003Print4070aMIETLIBbMIETLIBcBL-Academic Block C, FL-2, CUP-8, SH-2, R-2d2010-11-1210HBE